[Event "Quebec-ch qual U1600"]
[Site "Montreal"]
[Date "2005.10.09"]
[Round "3"]
[White "Legendre, Leonard"]
[Black "Mok, Yuen Tak"]
[Result "0-1"]
[WhiteElo "1418"]
[BlackElo "1579"]
[PlyCount "114"]
[EventDate "2005.10.08"]
[EventType "swiss"]
[EventRounds "3"]
[EventCountry "CAN"]
[SourceTitle "EXT 2009"]
[Source "ChessBase"]
[SourceDate "2008.11.26"]
[SourceVersion "1"]
[SourceVersionDate "2008.11.26"]
[SourceQuality "1"]

1. d4 d5 2. e3 e6 3. c4 Nf6 4. Nc3 c6 5. Nf3 Nbd7 6. cxd5 exd5 7. Bd3 Bd6 8. Qc2 0-0 9. 0-0 Re8 10. e4 dxe4 11. Nxe4 Nxe4 12. Bxe4 Nf6 13. Bg5 h6 14. Bxf6 Qxf6 15. Rfe1 Bg4 16. Qd3 Qf4 17. g3 Qf6 18. Re3 Rad8 19. Rae1 Bb4 20. Bh7+ Kf8 21. Rxe8+ Rxe8 22. Rxe8+ Kxe8 23. Ne5 Be6 24. Qe3 Be7 25. b3 Qg5 26. f4 Qh5 27. Be4 Qd1+ 28. Kf2 Qa1 29. Qd2 a5 30. Ke3 Bb4 31. Qc2 Bc3 32. Kd3 Bxd4 33. Bxc6+ Ke7 34. Bxb7 Bxe5 35. fxe5 Qxe5 36. Kd2 Qd4+ 37. Qd3 Qb4+ 38. Qc3 Qxb7 39. Qxa5 Qd5+ 40. Qxd5 Bxd5 41. Kc3 Kd6 42. a3 Kc5 43. a4 Bb7 44. b4+ Kd5 45. b5 Kc5 46. Kb3 f5 47. Kc3 Be4 48. b6 Kxb6 49. Kd4 Ka5 50. g4 g6 51. gxf5 gxf5 52. Ke3 Kxa4 53. Kd4 Kb3 54. Ke3 Kc2 55. h3 Kd1 56. Kf4 Ke2 57. Kg3 Ke3 0-1

[Event "Sherbrooke-opC"]
[Site "Sherbrooke"]
[Date "2005.05.27"]
[Round "1"]
[White "Olivier, Luc"]
[Black "Legendre, Leonard"]
[Result "0-1"]
[WhiteElo "1234"]
[BlackElo "1456"]
[PlyCount "94"]
[EventDate "2005.05.??"]
[EventType "swiss"]
[EventRounds "5"]
[EventCountry "CAN"]
[SourceTitle "CBM 106 Extra"]
[Source "ChessBase"]
[SourceDate "2005.07.01"]
[SourceVersion "1"]
[SourceVersionDate "2005.07.01"]
[SourceQuality "1"]

1. d4 d5 2. c4 dxc4 3. Nf3 e6 4. e3 c5 5. Bxc4 Nf6 6. Nc3 a6 7. 0-0 b5 8. Bd3 Bb7 9. Re1 Nc6 10. Ne4 Nxd4 11. Nxf6+ Qxf6 12. exd4 cxd4 13. Nxd4 Qxd4 14. Be3 Qd7 15. Rc1 Be7 16. Re2 0-0 17. Rec2 Qd5 18. f3 Rad8 19. Rd2 Qe5 20. Qe2 Bd6 21. g3 f5 22. Bf2 Qf6 23. Bc5 Bxc5+ 24. Rxc5 Qd4+ 25. Qf2 Qxf2+ 26. Kxf2 Rd7 27. Ke3 Rfd8 28. Rcc2 Bxf3 29. Kxf3 Rxd3+ 30. Rxd3 Rxd3+ 31. Kf4 Kf7 32. h4 Kf6 33. Re2 h6 34. h5 Rd4+ 35. Kf3 e5 36. Rc2 Kg5 37. Ke3 Rc4 38. Rd2 Kxh5 39. Rd6 Rc2 40. Rxa6 Rxb2 41. a4 bxa4 42. Rxa4 Rb3+ 43. Kf2 e4 44. Kg2 Kg4 45. Ra6 Rxg3+ 46. Kf2 Kf4 47. Ra4 h5 0-1

[Event "Sherbrooke op-B"]
[Site "Sherbrooke"]
[Date "2004.05.30"]
[Round "5"]
[White "Legendre, Leonard"]
[Black "Poirier, Vincent"]
[Result "1-0"]
[WhiteElo "1500"]
[BlackElo "1706"]
[PlyCount "85"]
[EventDate "2004.05.??"]
[EventType "swiss"]
[EventRounds "5"]
[EventCountry "CAN"]
[SourceTitle "EXT 2005"]
[Source "ChessBase"]
[SourceDate "2004.11.15"]
[SourceVersion "1"]
[SourceVersionDate "2004.11.15"]
[SourceQuality "1"]

1. d4 d6 2. c4 Nf6 3. Nc3 c6 4. e4 g6 5. Nf3 Bg7 6. h3 e5 7. dxe5 dxe5 8. Qxd8+ Kxd8 9. Nxe5 Be6 10. Nd3 Bxc4 11. Bg5 Nbd7 12. 0-0-0 h6 13. Bh4 g5 14. Bg3 Re8 15. Nc5 Kc8 16. Nxd7 Bxf1 17. Nxf6 Bxf6 18. Rhxf1 Bxc3 19. bxc3 Rxe4 20. Rd2 Re7 21. Rfd1 b5 22. Rd6 Kb7 23. Rd7+ Rxd7 24. Rxd7+ Ka6 25. Rxf7 Ka5 26. Rf6 Rc8 27. Rxh6 Ka4 28. Kb2 a5 29. Re6 c5 30. Re4+ c4 31. a3 b4 32. axb4 axb4 33. cxb4 Kxb4 34. f4 Ra8 35. Be1+ Kc5 36. Bc3 Rb8+ 37. Kc2 gxf4 38. Rxf4 Re8 39. Bd4+ Kd5 40. Kc3 Rb8 41. Rf5+ Ke6 42. Rc5 Ra8 43. Rxc4 1-0